000 00662cam a2200145 4500500
005 20260208010424.0
041 _afre
042 _adc
100 1 0 _aRapp, Francis
_eauthor
245 0 0 _aBruno Berthold MEYER, Kastilien, die Staufen und das Imperium. Ein Jahrhundert politischer Kontakte im Zeichen des Kaiserstums, Husum, Matthiesen, 2002; 1 vol. in-8°, 234 p. (Historische Studien, 466). ISBN : 3-7868-1466-X. Prix : €40,00; CHF 68,50.
260 _c2005.
500 _a5
786 0 _nLe Moyen Age | CXI | 2 | 2005-09-01 | p. LI-LI | 0027-2841
856 4 1 _uhttps://shs.cairn.info/revue-le-moyen-age-2005-2-page-LI?lang=fr&redirect-ssocas=7080
999 _c1656447
_d1656446